000
00273nam a2200109Ia 4500
008
190216s9999||||xx |||||||||||||| ||und||
100
_a
Sharma J N And Vasishtha
245
0
_a
Mathematical Analysis
260
_b
Krishna Prakasan Mandir
_c
1994
300
_a
871p
942
_c
BK
999
_c
31066
_d
31066